000 00674nam a2200241Ia 4500
003 OSt
005 20220928101950.0
006 a|||||r|||| 00| 0
007 ta
008 220927b |||||||| |||| 00| 0 eng d
024 _a30823
037 _cTextual
040 _aSDCL
_cSDCL
_beng
041 _2eng
_aeng
082 _aO15,7NMB,1, M3
100 _aMishra Bhanudatt
_9395963
245 0 _aKumarbhargaveeyam.
260 _aDarbhanga
_bKameshwersingh Darbhanga Sanskrit Vishvavidyalaya
_c1983
300 _a135p.
_ccm.
490 _aSulabha granthamalayam 7.
942 _hO15,7NMB,1, M3
_cTEXL
_2CC
999 _c711649
_d711649